书目信息 |
| 题名: |
电脑打字机原理、使用与维修
|
|
| 作者: | 邱林 编著 | |
| 分册: | ||
| 出版信息: | 北京 电子工业出版社 1995.03 |
|
| 页数: | 191页 | |
| 开本: | 16开 | |
| 丛书名: | ||
| 单 册: | ||
| 中图分类: | TP334.8 | |
| 科图分类: | ||
| 主题词: | 电子数字计算机 | |
| 电子资源: | ||
| ISBN: | 7-5053-2870-0 | |
| 000 | 00605nam0 2200205 45 | |
| 001 | 0005181572 | |
| 005 | 20000518154113.7 | |
| 010 | @a7-5053-2870-0@d13.50元 | |
| 100 | @a20000518d1995 km y0chiy0120 ea | |
| 101 | @achi | |
| 105 | @a z 000yy | |
| 200 | 1 | @a电脑打字机原理、使用与维修@ADian Nao Da Zi Ji YuanLi、Shi Yong Yu Wei Xiu@f邱林等编著@FQiu Lin Deng Bian Zhu |
| 205 | @a1 | |
| 210 | @a北京@c电子工业出版社@d1995.03 | |
| 215 | @a191页@d16开 | |
| 606 | 0 | @a电子数字计算机 |
| 690 | @aTP334.8@v3 | |
| 701 | @a邱林@4编著 | |
| 801 | @aCN@bPftUser@c20000518 | |
| 905 | @f3@b55608-610@dTP334.8@eQ.479 | |
| 电脑打字机原理、使用与维修/邱林等编著.-1.-北京:电子工业出版社,1995.03 |
| 191页;16开 |
| ISBN 7-5053-2870-0:13.50元 |
| ● |
| 相关链接 |
|
|
|
正题名:电脑打字机原理、使用与维修
索取号:TP334.8/Q.479
 
预约/预借
| 序号 | 登录号 | 条形码 | 馆藏地/架位号 | 状态 | 备注 |
| 1 | 55608 | 200556086 | 自科二线404/404自科库 23排2列5层/ [索取号:TP334.8/Q.479] | 在馆 | |
| 2 | 55609 | 200556095 | 自科二线404/404自科库 23排2列5层/ [索取号:TP334.8/Q.479] | 在馆 | |
| 3 | 55610 | 200556102 | 自科二线404/404自科库 23排2列3层/ [索取号:TP334.8/Q.479] | 在馆 |